Online
Catalog

Personalidad política de Trujillo / (Record no. 30136)

MARC details
000 -CABECERA
campo de control de longitud fija 00558nam a2200169 a 4500
001 - NÚMERO DE CONTROL
campo de control 000030644
005 - FECHA Y HORA DE LA ÚLTIMA TRANSACCIÓN
campo de control 20200930062427.0
008 - DATOS DE LONGITUD FIJA--INFORMACIÓN GENERAL
campo de control de longitud fija 110525s1938 dr 000 0 spa d
040 ## - FUENTE DE LA CATALOGACIÓN
Centro catalogador/agencia de origen DO-SdBNP
Lengua de catalogación spa
Centro/agencia transcriptor BNPHU
082 ## - NÚMERO DE LA CLASIFICACIÓN DECIMAL DEWEY
Número de clasificación xxx
049 ## - FONDOS LOCALES (OCLC)
Fondos de biblioteca BNPD
100 1# - ENTRADA PRINCIPAL--NOMBRE DE PERSONA
Nombre de persona Lugo S., Amable
9 (RLIN) 57231
111 1# - ENTRADA PRINCIPAL--NOMBRE DE CONGRESO/REUNIÓN
Nombre de congreso/reunión o jurisdicción como elemento de entrada Conferencia dictada por el Dr. Amable Lugo S. en la Junta Comunical del Partido ¨Dominicano¨ en la
Sede del congreso/Lugar de la reunión Roma
Fecha del congreso/reunión 1938.
9 (RLIN) 57232
245 10 - MENCIÓN DE TÍTULO
Título Personalidad política de Trujillo /
Mención de responsabilidad, etc. Amable Lugo S.
260 ## - PUBLICACIÓN, DISTRIBUCIÓN, ETC.
Lugar de publicación, distribución, etc. La Romana :
Nombre del editor, distribuidor, etc. Atenas,
Fecha de publicación, distribución, etc. 1938.
300 ## - DESCRIPCIÓN FÍSICA
Extensión 16 p. ;
Dimensiones 18 cm.
Holdings
Estado de retiro Estado de pérdida No para préstamo Código de colección Localización permanente Ubicación/localización actual Ubicación en estantería Fecha de adquisición Número de inventario Total de préstamos Signatura topográfica completa Código de barras Fecha visto por última vez Precio válido a partir de Tipo de ítem Koha Nota pública
    Excluido de préstamo Patrimonio Dominicano Patrimonio Dominicano Patrimonio Dominicano En catalogación 25.05.2011 LF1   xxx 30644-10 25.06.2020 25.06.2020 Libro y Folleto Colección Patrimonio Dominicano Perteneció a la colección Carlos Larrazabal

Powered by Koha